Advances in multimedia information processing - PCM 2010 : 11th Pacific Rim Conference on Multimedia, Shanghai, China, September 21-24, 2010 : proceedings. Part II /

Bibliographic Details
Corporate Authors: IEEE Pacific Rim Conference on Multimedia Shanghai, China, SpringerLink (Online service)
Other Authors: Qiu, Guoping
Format: Conference Proceeding eBook
Language:English
Published: Berlin : Springer, 2010.
Series:Lecture notes in computer science ; 6298.
Subjects:
Online Access:Connect to the full text of this electronic book

MARC

Tag First Indicator Second Indicator Subfields
LEADER 00000cam a2200000Ia 4500
001 in00002670430
005 20210727155405.0
006 m d
007 cr cn|
008 101011s2010 gw a ob 101 0 eng d
020 |a 3642156967 
020 |a 9783642156960 
035 |a (OCoLC)669443323 
035 |a (OCoLC)ocn669443323 
035 |a 3825930 
037 |a 978-3-642-15695-3  |b Springer  |n http://www.springerlink.com 
040 |a GW5XE  |b eng  |c GW5XE  |d UtOrBLW 
049 |a TXAC 
050 4 |a QA76.575  |b .I44 2010 
072 7 |a TK  |2 lcco 
082 0 4 |a 006.7  |2 22 
111 2 |a IEEE Pacific Rim Conference on Multimedia  |n (11th :  |d 2010 :  |c Shanghai, China) 
245 1 0 |a Advances in multimedia information processing - PCM 2010 :  |b 11th Pacific Rim Conference on Multimedia, Shanghai, China, September 21-24, 2010 : proceedings.  |n Part II /  |c Guoping Qiu [and others] (eds.). 
246 3 0 |a PCM 2010 
264 1 |a Berlin :  |b Springer,  |c 2010. 
300 |a xxii, 759 pages :  |b illustrations (some color) 
336 |a text  |b txt  |2 rdacontent 
337 |a computer  |b c  |2 rdamedia 
338 |a online resource  |b cr  |2 rdacarrier 
490 1 |a Lecture notes in computer science,  |x 0302-9743 ;  |v 6298 
500 |a Electronic resource. 
500 |a International conference proceedings. 
504 |a Includes bibliographical references and index. 
533 |a Electronic reproduction.  |b New York :  |c Springer,  |d 2010.  |n Mode of access: World Wide Web.  |n System requirements: Web browser.  |n Title from title screen (viewed on Oct. 7, 2010).  |n Access may be restricted to users at subscribing institutions. 
650 0 |a Multimedia systems  |v Congresses.  |0 http://id.loc.gov/authorities/subjects/sh2008107510 
655 7 |a Electronic books.  |2 local 
700 1 |a Qiu, Guoping.  |0 http://id.loc.gov/authorities/names/no2008030621 
710 2 |a SpringerLink (Online service)  |0 http://id.loc.gov/authorities/names/no2005046756 
776 0 8 |i Print version:  |t Advances in multimedia information processing - PCM 2010.  |d Berlin : Springer, 2010  |z 9783642156953  |w (OCoLC)663945255 
830 0 |a Lecture notes in computer science ;  |v 6298.  |0 http://id.loc.gov/authorities/names/n42015162 
856 4 0 |u http://proxy.library.tamu.edu/login?url=https://dx.doi.org/10.1007/978-3-642-15696-0  |z Connect to the full text of this electronic book  |t 0 
994 |a 92  |b TXA 
999 |a MARS 
999 f f |s 3800a7f3-e034-3403-9e59-0c8eaaf26828  |i 0c53a2cd-e861-3d6f-ad64-c1d878db0c00  |t 0 
952 f f |a Texas A&M University  |b College Station  |c Electronic Resources  |d Available Online  |t 0  |e QA76.575 .I44 2010  |h Library of Congress classification 
998 f f |a QA76.575 .I44 2010  |t 0  |l Available Online